000 00379nam a2200157 i 4500
001 bg
100 1 _aSIUTA, J.
245 0 _aDegradacja ziemi /
_cJ. Siuta, A. Zielińska, K. Makowiecki.
260 _aWarszawa,
_c1985.
700 1 _aZIELIŃSKA, A.
700 1 _aMAKOWIECKI, K.
040 _cBPK
041 _apol
942 _cKS
008 s pl f |000 0 pol
999 _c28240
_d28240
856 _uhttp://koha.tu.koszalin.pl/cgi-bin/koha/opac-detail.pl?biblionumber=28240
_yKatalog online BPK